Hướng dẫn học sinh giải bài tập toán cực trị phần dòng điện xoay chiều vật lý lớp 12 nâng cao bằng sơ đồ tư duy.

Cơ sở lí luận và thực tiễn của đề tài nghiên cứu. Xây dựng và sử dụng sơ đồ tư duy hướng dẫn HS giải bài toán cực trị phần dòng điện xoay chiều vật lí lớp 12 nâng cao.

Wedi'i Gadw mewn:
Manylion Llyfryddiaeth
Prif Awdur: Nguyễn Thị Mến
Awduron Eraill: Phạm Kim Chung TS. (Hướng dẫn)
Fformat: Llyfr
Iaith:Vietnamese
Cyhoeddwyd: Hà nội Đại học Quốc gia Hà Nội - Trường ĐH Giáo dục 2012
Pynciau:
Tagiau: Ychwanegu Tag
Dim Tagiau, Byddwch y cyntaf i dagio'r cofnod hwn!
Thư viện lưu trữ: Mạng thư viện Đại học Đà Nẵng
LEADER 01923nam a2200385 4500
001 000020310
003 16755
005 20150316150312.0
008 150315s2012 viesd
041 |a vie 
082 1 4 |a 537.60712  |b NG-M 
100 |a Nguyễn Thị Mến 
245 1 |a Hướng dẫn học sinh giải bài tập toán cực trị phần dòng điện xoay chiều vật lý lớp 12 nâng cao bằng sơ đồ tư duy.  |c Nguyễn Thị Mến ; Phạm Kim Chung hướng dẫn.  |k Luận văn Thạc sĩ 
260 |a Hà nội  |b Đại học Quốc gia Hà Nội - Trường ĐH Giáo dục  |c 2012 
300 |a 85 tr.  |c 29 cm. 
500 |a Luận văn thạc sĩ Khoa học. Chuyên ngành: Lý luận và phương pháp dạy học ( bộ môn Vật Lý). Mã số: 60.14.10 
520 |a Cơ sở lí luận và thực tiễn của đề tài nghiên cứu. Xây dựng và sử dụng sơ đồ tư duy hướng dẫn HS giải bài toán cực trị phần dòng điện xoay chiều vật lí lớp 12 nâng cao. 
650 0 4 |a Dòng điện xaoy chiều  |v Luận văn tôt nghiệp  |x Sơ đồ tư duy  |x Phương pháp dạy học 
653 |a Dòng điện xaoy chiều 
653 |a Phướng pháp dạy học môn Lý 
653 |a Giáo dục THPT 
653 |a Vật lý 12 nâng cao 
653 |a Cơ học cổ điển 
653 |a Sơ đồ tư duy 
700 1 |a Phạm Kim Chung  |c TS.  |e Hướng dẫn 
OWN |a LSP 
AVA |a UDN50  |b LSP  |d 537.60712 NG-M  |e available  |t Error 5001 Not defined in file expand_doc_bib_avail.  |f 1  |g 0  |h N  |i 0  |k 1 
999 |a From the UDN01 
AVA |a UDN50  |b LSP  |d 537.60712 NG-M  |e available  |t Error 5001 Not defined in file expand_doc_bib_avail.  |f 1  |g 0  |h N  |i 0  |k 1 
TYP |a Monograph 
TYP |a Printed language 
980 |a Mạng thư viện Đại học Đà Nẵng